00519nam a2200181Ia 4500008004100000020001800041082000800059100002500067245004200092250000600134260002500140300001000165500002400175700002400199942000700223952009000230999001700320230524s9999 xx 000 0 und d a9780070677500 bYEO aKiat Seng Yeo942802 0aLow Voltage Low Power VLSI Subsystems a4 aNew DelhibTMHc2014 a283p; aQuantity Number: 1 a Kaushik Roy942803 cBK 00104070aTATCLbTATCLcGENd2023-05-24l0o YEOp54093r2023-05-24w2023-05-24yBK c57780d57780